000
00273nam a22001217a 4500
008
171031b xxu||||| |||| 00| 0 eng d
041
_a
eng
080
_2
3 ED
_a
33
100
_a
59
101
_a
BUS
245
_a
INFORMATION SYSTEMS ESSENTIALS
_c
HAAG.S
942
_2
udc
_c
BK
999
_c
36873
_d
36873